000 00530nam a2200193Ia 4500
003 GCL
008 140319s9999 xx 000 0 eng d
040 _aGCL /
_cGCL
082 0 4 _a843
_bM Q
100 1 _aMERYER, MICHEL
245 1 0 _aQUESTIONS DE RHETARIQUE: LANGAGE, RAISON ET SEDUCTION /
_cMERYER, MICHEL
700 1 _aMEYER, CHRISTOPHER
260 _a[S.N] :
_bLE LIVRE DE POCHE ،
_c1993
300 _a179 P
490 _aLE LIVRE DE POCHE
_v0
650 0 4 _aLITERATURE
650 0 4 _aFRENCH LITERATURE
942 _2ddc
_cBK
999 _c22284
_d22284